000 00299nam a22001337a 4500
003 SGT
082 _a340,SIN
100 _aSINGH, AVTAR
245 _aINTO. TO THE LAW OF TORTS & CONSUMER
260 _aGURGAON
_bLEXIS NEXIS
_c2013
300 _a363
650 _a THE LAW OF TORTS
942 _2ddc
_cBK
999 _c11269
_d11269